Tous les jeux God of War - Statistiques

Statistiques générales
  • Ce quiz a été pris 58 fois
  • Le résultat moyen est 7 sur 9
Statistiques - réponses
Jeux God of War % Correct
God of War
100%
God of War 2018
100%
God of War III
100%
God of War Ragnarok
100%
God of War II
98%
God of War: Ascension
74%
God of War: Ghost of Sparta
62%
God of War: Chains of Olympus
53%
God of War: Betrayal
26%
Aucun quiz correspondant
Distribution des résultats
% des personnes avec chaque résultat
Percentile par nombre de réponses
Votre historique - résultats
Vous n’avez pas pris ce quiz